• 首页
  • 本馆介绍
  • 公告通知
  • 最新文献
  • 馆藏检索
  • 电子资源
  • 读者导购
  • 参考咨询
  • 我的图书馆
  • 登录
  • 详细信息显示
  • 放入我的书架
  • 预约/预借图书
  • 作者相关作品
  • 分类相关作品
  • 丛书相关作品
  • 出版社相关作品

书目信息

  • 表格格式
  • 工作单格式
  • 卡片格式
题名:
长度计量手册
    
 
作者: 哈尔滨工业大学 编
分册:  
出版信息: 北京   科学出版社  1979.8
页数: 949页
开本: 26cm
丛书名:
单 册:
中图分类: TB931-62
科图分类:
主题词: 力学--计量
电子资源:
ISBN:
000 00542nam0 2200193 45
001 0312221749
005 20031222170910.0
010    @dCNY6.20
100    @a20031222d1979 km y0chiy0120 ea
101    @achi
105    @a z 000yy
200 1  @a长度计量手册@AChang Du Ji Liang Shou Ce@f哈尔滨工业大学编@FHa Er Bin Gong Ye Da Xue Bian
210    @a北京@c科学出版社@d1979.8
215    @a949页@d26cm
606 0  @a力学@x计量
690    @aTB931-62@v3
701 0  @a哈尔滨工业大学@4编
801    @aCN@bTSTCL@c20031222
905    @a213230@dTB931-62@e12
    
    长度计量手册/哈尔滨工业大学编.-北京:科学出版社,1979.8
    949页;26cm
    
    
    ISBN :CNY6.20
    
●
相关链接 在E读中查询图书 在五车中查询图书 在当当中查询图书 在豆瓣中查询图书


正题名:长度计量手册     索取号:TB931-62/12         预约/预借

序号 登录号 条形码 馆藏地/架位号 状态 备注
1 0074195   202451818   第二样本阅览室/ [索取号:TB931-62/12] 在馆    
唐山师范学院图书馆 欢迎您!
大连网信软件有限公司© 版权所有